Normal view MARC view
  • Archibugi Francesca

Entry Personal Name

Number of records used in: 1

001 - CONTROL NUMBER

  • control field: 41162

003 - CONTROL NUMBER IDENTIFIER

  • control field: IT-RoPau

005 - DATE AND TIME OF LATEST TRANSACTION

  • control field: 20151126162959.0

008 - FIXED-LENGTH DATA ELEMENTS

  • fixed length control field: 151126|| aca||aabn | a|a d

040 ## - CATALOGING SOURCE

  • Original cataloging agency: IT-RoPau
  • Transcribing agency: IT-RoPau

100 ## - HEADING--PERSONAL NAME

  • Personal name: Archibugi Francesca
  • Relator term: (soggetto)
  • Miscellaneous information: Codice Soggetto SPICS: 33435

670 ## - SOURCE DATA FOUND

  • Source citation: Work cat.: (IT-RoPau)105395: Archibugi Francesca Codice regista SPICS: 33435 41158, MIGNON E' PARTITA MIGNON E' PARTITA (Rif. Codice opera principale : 95892)
CREDITS: SOCIETA' SAN PAOLO Via A.Severo, 58 - ROMA (RM) & PERIODICI SAN PAOLO SRL Via Giotto, 36 MILANO & CISF Via Giotto, 36 MILANO & EDIZIONI SAN PAOLO SRL,  Piazza Soncino, 5 CINISELLO BALSAMO (MI) -- ITALY